Online Catalogue and eLibrary

Samaja viddyawa saha manawa viddyawa (Record no. 1029)

MARC details
000 -LEADER
fixed length control field 00445nam a2200181Ia 4500
005 - DATE AND TIME OF LATEST TRANSACTION
control field 20250519023055.0
008 - FIXED-LENGTH DATA ELEMENTS--GENERAL INFORMATION
fixed length control field 240331s9999 xx 000 0 und d
020 ## - INTERNATIONAL STANDARD BOOK NUMBER
ISBN 9552011779
082 ## - DDC Classification
Class No. 301
Item Number - Author Mark RAN
100 ## - MAIN ENTRY--PERSONAL NAME
Personal name Sri Ranjan,G.D.D.K
245 #0 - TITLE STATEMENT
Title Samaja viddyawa saha manawa viddyawa
250 ## - EDITION STATEMENT
Edition statement 2nd
260 ## - PUBLICATION, DISTRIBUTION, ETC.
Place of publication, distribution, etc. Colombo
Name of publisher, distributor, etc. S. godage & Brothers
Date of publication, distribution, etc. 1996
300 ## - PHYSICAL DESCRIPTION
Extent (e.g. Volumes, Pages etc.) 200 p .,
650 ## - SUBJECT ADDED ENTRY--TOPICAL TERM
Topical term or geographic name entry element Sociology
650 ## - SUBJECT ADDED ENTRY--TOPICAL TERM
Topical term or geographic name entry element Anthropology
942 ## - Koha item type (Biblio)
Koha item type Books in Stacks (Lending)
Holdings
Lost status Damaged status Collection code Home library Current library Shelving location Date acquired Full call number Accession Number Item type
    Lending WERC Library WERC Library Social Science Cupboard 03/31/2024 301 RAN 2325 Books in Stacks (Lending)

© WERC Library